Oracle8i : (Record no. 177756)
[ view plain ]
| 000 -LEADER | |
|---|---|
| fixed length control field | 00862nam a2200241 4500 |
| 001 - CONTROL NUMBER | |
| control field | vtls001647160 |
| 003 - CONTROL NUMBER IDENTIFIER | |
| control field | MY-SjTCS |
| 005 - DATE AND TIME OF LATEST TRANSACTION | |
| control field | 20200226121148.0 |
| 008 - FIXED-LENGTH DATA ELEMENTS--GENERAL INFORMATION | |
| fixed length control field | 110218t2000 caua 000 eng |
| 020 ## - INTERNATIONAL STANDARD BOOK NUMBER | |
| International Standard Book Number | 0072123648 |
| 039 #9 - LEVEL OF BIBLIOGRAPHIC CONTROL AND CODING DETAIL [OBSOLETE] | |
| Level of rules in bibliographic description | 201908081208 |
| Level of effort used to assign nonsubject heading access points | ummi |
| Level of effort used to assign subject headings | 201602011020 |
| Level of effort used to assign classification | jamalia |
| Level of effort used to assign subject headings | 201102181734 |
| Level of effort used to assign classification | VLOAD |
| -- | 200407271905 |
| -- | VLOAD |
| 082 04 - DEWEY DECIMAL CLASSIFICATION NUMBER | |
| Classification number | 005.7585 |
| Item number | LON |
| 100 1# - MAIN ENTRY--PERSONAL NAME | |
| Personal name | Loney, Kevin. |
| 9 (RLIN) | 95938 |
| 245 10 - TITLE STATEMENT | |
| Title | Oracle8i : |
| Remainder of title | the complete reference / |
| Statement of responsibility, etc. | Kevin Loney, George Koch |
| 260 ## - PUBLICATION, DISTRIBUTION, ETC. | |
| Place of publication, distribution, etc. | Berkeley, Calif. : |
| Name of publisher, distributor, etc. | Osborne/ McGraw-Hill, |
| Date of publication, distribution, etc. | c2000 |
| 300 ## - PHYSICAL DESCRIPTION | |
| Extent | xxx , 1308 p. ; |
| Dimensions | 24 cm. |
| 500 ## - GENERAL NOTE | |
| General note | "Covers releases 8i, 8.0.x, and 7.x" - Cover |
| 525 ## - SUPPLEMENT NOTE | |
| Supplement note | Includes 1 computer laser optical disc (4 3/4 in.). P/N 212363X |
| 650 #0 - SUBJECT ADDED ENTRY--TOPICAL TERM | |
| Topical term or geographic name entry element | Oracle (Computer file) |
| 650 #0 - SUBJECT ADDED ENTRY--TOPICAL TERM | |
| Topical term or geographic name entry element | Relational databases. |
| 700 1# - ADDED ENTRY--PERSONAL NAME | |
| Personal name | Koch, George. |
| Relator term | (j.a.) |
| 9 (RLIN) | 8964 |
| 920 ## - Programme | |
| Programme | SLAS : 92484, CD527 |
| Withdrawn status | Lost status | Source of classification or shelving scheme | Damaged status | Not for loan | Home library | Current library | Date acquired | Serial Enumeration / chronology | Total Checkouts | Barcode | Date last seen | Date last checked out | Copy number | Koha item type | Public note |
|---|---|---|---|---|---|---|---|---|---|---|---|---|---|---|---|
| Withdrawn | Dewey Decimal Classification | Taylor's Library-TU | TU External Storage-Block E | 27/07/2004 | 1000033442 | 12/12/2019 | 27/07/2004 | 1 | Main Collection | ADTP, 92484 | |||||
| Dewey Decimal Classification | Taylor's Library-TU | Taylor's Library-TU | 27/07/2004 | CLODISC | 1000033446 | 12/12/2019 | 27/07/2004 | 1 | Main Collection | SLASx,05000,03,AD |